000 00484nam a22001577a 4500
003 OSt
005 20240415163051.0
008 240415b |||||||| |||| 00| 0 eng d
040 _cMRSPTU
100 _aGurpreet (ਗੁਰਪ੍ਰੀਤ)
245 _aDo Cup Chah (ਦੋ ਕੱਪ ਚਾਹ)
_bਦੇਵਨੀਤ ਨਾਲ ਸੰਵਾਦ ਤੇ ਉਹਦੀ ਕਵਿਤਾ)
250 _a1st
260 _aPunjab
_bUdaan Publications
_c2013
300 _a135
942 _2ddc
_cBK
_n0
999 _c10037
_d10037